Dictionnaire des termes techniques d'entomologie élémentaire:200 figures. (Record no. 24446)

MARC details
000 -LEADER
fixed length control field 00482 a2200193 4500
100 ## - VEDETTE PRINCIPALE - NOM DE PERSONNE
Personal name SEGUY,E.
130 ## - VEDETTE PRINCIPALE - TITRE UNIFORME
Language of a work Fr.
260 ## - PUBLICATION, DISTRIBUTION, ETC. (IMPRINT)
Place of publication, distribution, etc Paris
260 ## - PUBLICATION, DISTRIBUTION, ETC. (IMPRINT)
Name of publisher, distributor, etc Editions Paul Lechevalier
245 ## - TITLE STATEMENT
Title Dictionnaire des termes techniques d'entomologie élémentaire:200 figures.
260 ## - PUBLICATION, DISTRIBUTION, ETC. (IMPRINT)
Date of publication, distribution, etc 1967
300 ## - PHYSICAL DESCRIPTION
Extent 465p.
440 ## - SERIES STATEMENT/ADDED ENTRY--TITLE
Title Encyclopédie Entomologique-XLI
650 ## - SUBJECT ADDED ENTRY--TOPICAL TERM
Topical term or geographic name as entry element OUVRAGE DE REFERENCE
650 ## - SUBJECT ADDED ENTRY--TOPICAL TERM
Topical term or geographic name as entry element ENTOMOLOGIE
690 ## - LOCAL SUBJECT ADDED ENTRY--TOPICAL TERM (OCLC, RLIN)
Topical term or geographic name as entry element ENTOMOLOGIE.
Holdings
Withdrawn status Lost status Damaged status Not for loan Location (home branch) Sublocation or collection (holding branch) Date acquired Koha issues (times borrowed) Koha full call number Koha date last seen Copy number Price effective from Koha item type Public note
        Bibliothèque-Centre de Documentation de la Faculté des Sciences Agronomiques Bibliothèque-Centre de Documentation de la Faculté des Sciences Agronomiques     U.0048 28/02/2009 1 28/02/2009 Livre A.3621


© 2008, Bibliothèques de l'Université d'Abomey-Calavi

04 BP 789 Cotonou, Tél. : +229 21 36 01 01, Fax : +229 21 35 06 32

Courriel : bu@bu.uac.bj